Welcome to CU Library Online Public Access Catalogue (OPAC)

Urologic complications : (Record no. 4060)

MARC details
000 -LEADER
fixed length control field 00852cam a2200253 a 4500
001 - CONTROL NUMBER
control field 3414531
005 - DATE AND TIME OF LATEST TRANSACTION
control field 20250221191630.0
008 - FIXED-LENGTH DATA ELEMENTS--GENERAL INFORMATION
fixed length control field 900504s1990 moua b 001 0 eng c
020 ## - INTERNATIONAL STANDARD BOOK NUMBER
International Standard Book Number 0815157614
050 10 - LIBRARY OF CONGRESS CALL NUMBER
Classification number RD571
Item number .U695 1990
082 00 - DEWEY DECIMAL CLASSIFICATION NUMBER
Classification number 617.4/601
Edition information 20
245 00 - TITLE STATEMENT
Title Urologic complications :
Remainder of title medical and surgical, adult and pediatric /
Statement of responsibility, etc. [edited by] Fray F. Marshall.
250 ## - EDITION STATEMENT
Edition statement 2nd ed.
260 ## - PUBLICATION, DISTRIBUTION, ETC.
Place of publication, distribution, etc. St. Louis :
Name of publisher, distributor, etc. Mosby Year Book,
Date of publication, distribution, etc. c1990.
300 ## - PHYSICAL DESCRIPTION
Extent xv, 580 p. :
Other physical details ill. ;
Dimensions 27 cm.
500 ## - GENERAL NOTE
General note Includes index.
650 #0 - SUBJECT ADDED ENTRY--TOPICAL TERM
Topical term or geographic name entry element Genitourinary organs
General subdivision Surgery
-- Complications.
650 #0 - SUBJECT ADDED ENTRY--TOPICAL TERM
Topical term or geographic name entry element Genitourinary organs
General subdivision Diseases
-- Complications.
650 #2 - SUBJECT ADDED ENTRY--TOPICAL TERM
Topical term or geographic name entry element Postoperative Complications.
650 #2 - SUBJECT ADDED ENTRY--TOPICAL TERM
Topical term or geographic name entry element Urogenital System
General subdivision surgery.
650 #2 - SUBJECT ADDED ENTRY--TOPICAL TERM
Topical term or geographic name entry element Urologic Diseases
General subdivision complications.
700 1# - ADDED ENTRY--PERSONAL NAME
Personal name Marshall, Fray F.
942 ## - ADDED ENTRY ELEMENTS (KOHA)
Source of classification or shelving scheme Library of Congress Classification
Koha item type Books
Edition 2nd ed.
Suppress in OPAC No
999 ## -
-- 4060
-- 4060
Holdings
Withdrawn status Lost status Source of classification or shelving scheme Damaged status Not for loan Collection Home library Current library Shelving location Date acquired Total checkouts Full call number Barcode Date last seen Copy number Price effective from Koha item type
    Library of Congress Classification     Non-fiction Science Library (Miotso) Science Library (Miotso) General stacks 02/21/2025   RD571 .U695 URO SLM00003516 02/21/2025 1 02/21/2025 Books
    Library of Congress Classification     Non-fiction Science Library (Miotso) Science Library (Miotso) General stacks 02/21/2025   RD571 .U695 URO SLM00003517 02/21/2025 2 02/21/2025 Books
    Library of Congress Classification     Non-fiction Science Library (Miotso) Science Library (Miotso) General stacks 02/21/2025   RD571 .U695 URO SLM00003518 02/21/2025 3 02/21/2025 Books
    Library of Congress Classification     Non-fiction Science Library (Miotso) Science Library (Miotso) General stacks 02/21/2025   RD571 .U695 URO SLM00003519 02/21/2025 4 02/21/2025 Books
    Library of Congress Classification     Non-fiction Science Library (Miotso) Science Library (Miotso) General stacks 02/21/2025   RD571 .U695 URO SLM00003520 02/21/2025 5 02/21/2025 Books
    Library of Congress Classification     Non-fiction Science Library (Miotso) Science Library (Miotso) General stacks 02/21/2025   RD571 .U695 URO SLM00003521 02/21/2025 6 02/21/2025 Books
    Library of Congress Classification     Non-fiction Science Library (Miotso) Science Library (Miotso) General stacks 02/21/2025   RD571 .U695 URO SLM00003522 02/21/2025 7 02/21/2025 Books
© 2023-2024 Copyright: Central University Libraries. All Rights Reserved | Created by: Mahone Tech Office